Determinants of fertility decline (Record no. 613781)

MARC details
000 -LEADER
fixed length control field 00851nam a2200265Ia 4500
003 - CONTROL NUMBER IDENTIFIER
control field OSt
005 - DATE AND TIME OF LATEST TRANSACTION
control field 20220926005423.0
008 - FIXED-LENGTH DATA ELEMENTS--GENERAL INFORMATION
fixed length control field 220923b |||||||| |||| 00| 0 eng d
020 ## - INTERNATIONAL STANDARD BOOK NUMBER
International Standard Book Number 8170030609
037 ## - SOURCE OF ACQUISITION
Terms of availability General Book
040 ## - CATALOGING SOURCE
Original cataloging agency RTL
Transcribing agency RTL
Language of cataloging eng
041 ## - LANGUAGE CODE
Source of code eng
Language code of text/sound track or separate title eng
100 ## - MAIN ENTRY--PERSONAL NAME
Personal name Rao N Baskara, and others
9 (RLIN) 310268
245 #0 - TITLE STATEMENT
Title Determinants of fertility decline
Remainder of title A study of rural karnataka
260 ## - PUBLICATION, DISTRIBUTION, ETC.
Place of publication, distribution, etc. New Delhi
Name of publisher, distributor, etc. South Asian Publishers
Date of publication, distribution, etc. 1986
300 ## - PHYSICAL DESCRIPTION
Extent ix, 192p
Dimensions cm.
490 ## - SERIES STATEMENT
Series statement Insitute for Social and Economic Change Publication
500 ## - GENERAL NOTE
General note Bibliography: p 186-189; Appendix: p 185
650 ## - SUBJECT ADDED ENTRY--TOPICAL TERM
Topical term or geographic name entry element Demography
942 ## - ADDED ENTRY ELEMENTS (KOHA)
Classification part Y:5:5(Y).213.N8, M6
Koha item type General Books
Source of classification or shelving scheme Colon Classification (CC)
Holdings
Withdrawn status Lost status Damaged status Not for loan Home library Current library Date acquired Total Checkouts Full call number Barcode Date last seen Price effective from Koha item type
        Ratan Tata Library Ratan Tata Library 2022-09-26   Y:5:5(Y).213.N8 M6 RT0948954 2022-09-26 2022-09-26 General Books
Copyright @ Delhi University Library System